Pragmatismo (Record no. 205958)

MARC details
000 -CABECERA
campo de control de longitud fija 00682cam a2200241 a 4500
003 - IDENTIFICADOR DEL NÚMERO DE CONTROL
campo de control UPN
005 - FECHA Y HORA DE LA ÚLTIMA TRANSACCIÓN
campo de control 20220810115401.0
008 - ELEMENTOS DE LONGITUD FIJA--INFORMACIÓN GENERAL
campo de control de longitud fija 191105s1984 sp gr 000 0dspa d
020 ## - NÚMERO INTERNACIONAL NORMALIZADO PARA LIBROS
Número Internacional Estándar del Libro 8472916952
035 ## - NÚMERO DE CONTROL DEL SISTEMA
Número de control de sistema UPN01000233863
040 ## - FUENTE DE LA CATALOGACIÓN
Centro catalogador/agencia de origen MX-MxUPN
Lengua de catalogación spa
Centro/agencia transcriptor MX-MxUPN
050 #4 - SIGNATURA TOPOGRÁFICA DE LA BIBLIOTECA DEL CONGRESO
Número de clasificación B832
Número de documento/Ítem J36 1984a
100 1# - ASIENTO PRINCIPAL--NOMBRE PERSONAL
Nombre de persona James, William,
Fechas asociadas al nombre 1842-1910
9 (RLIN) 28776
245 10 - MENCIÓN DE TÍTULO
Título Pragmatismo
260 ## - PUBLICACIÓN, DISTRIBUCIÓN, ETC.
Lugar de publicación, distribución, etc. Madrid :
Nombre del editor, distribuidor, etc. Sarpe,
Fecha de publicación, distribución, etc. 1984.
300 ## - DESCRIPCIÓN FÍSICA
Extensión 237 páginas
490 ## - MENCIÓN DE SERIE
Mención de serie Los grandes pensadores ;
Designación de volumen o secuencia 60
500 ## - NOTA GENERAL
Nota general Título original: Pragmatismo : a new name for some old ways of thinking.
650 #4 - ASIENTO SECUNDARIO DE MATERIA - TERMINO TEMATICO
Término de materia o nombre geográfico como elemento de entrada Pragmatismo
9 (RLIN) 8109
905 ## - TIPO DE MATERIAL
Tipo de material Libro
942 ## - ELEMENTOS DE PUNTO DE ACCESO ADICIONAL (KOHA)
Suprimir en OPAC No
Fuente del sistema de clasificación o colocación Library of Congress Classification
Tipo de ítem Koha Libro
Holdings
Estado de retiro Estado de pérdida Fuente del sistema de clasificación o colocación Estado dañado No para préstamo Código de colección Localización permanente Ubicación/localización actual Ubicación en estantería Fecha de adquisición Clasificación Código de barras Fecha visto por última vez Tipo de ítem Koha
    Library of Congress Classification     Colección General Bib. Gregorio Torres Quintero Bib. Gregorio Torres Quintero Planta baja 23/06/2022 B832 J36 1984a 333518 31/12/2020 Libro